Systematic Theology (Record no. 685)

MARC details
000 -LEADER
fixed length control field 00719nam a2200253 a 4500
020 ## - INTERNATIONAL STANDARD BOOK NUMBER
ISBN
082 00 - DEWEY DECIMAL CLASSIFICATION NUMBER
Classification number 230
Author Cutter STR1
100 ## - MAIN ENTRY--AUTHOR NAME
Author name Strong, Augustus Hopkins
245 ## - TITLE STATEMENT
Title Systematic Theology
Sub title Doctrine of Salvation.
260 ## - PUBLICATION, DISTRIBUTION, ETC. (IMPRINT)
Place of publication Philadelphia
Name of publisher Griffith and Rowland Press
Year of publication 1907
300 ## - PHYSICAL DESCRIPTION
Number of Pages 370p
500 ## - GENERAL NOTE
General note includes index and biblioraphy
505 2# - FORMATTED CONTENTS NOTE
Formatted contents note The assumption of Moses tr. by Ferrar a g
505 2# - FORMATTED CONTENTS NOTE
Formatted contents note The assumption of Moses tr. by Ferrar a g00
650 ## - SUBJECT ADDED ENTRY--TOPICAL TERM
Topical Term Theology
942 ## - ADDED ENTRY ELEMENTS (KOHA)
Koha item type Books
700 1# -
-- Strong, Augustus Hopkins
Holdings
Home library Current library Date acquired Cost, normal purchase price Full call number Accession Number Koha item type
Henry Martyn Institute Library Henry Martyn Institute Library   100.00 230 STR1 410 Archive Book
Henry Martyn Institute Library Henry Martyn Institute Library   100.00 230 STR1 1758 E-Books
                   Copyright © 2026 | Henry Martyn Institute | Hyderabad | TS-500052 | INDIA | Implemented by hmi.edu.in
Hit-Count:

Powered by Koha